Представление документа в формате RUSMARC

ПолеНазваниеЗначение
  Тип записи a
  Библиографический уровень m
001 Контрольный номер UONB/MAIN/dee9c4ad01f74ab79e6d8c074bbb74a8
005 Дата корректировки 20260422130626.0
010 Индекс ISBN __
b Уточнения в пер.
a ISBN 978-5-9988-1650-5
9 Тираж 10000 экз.
d Цена 1200 р.
100 Данные общей обработки __
a Данные общей обработки 20260402 u y0rusy0189 ca
101 Язык документа 0_
a Язык текста rus
102 Страна публикации __
a Страна публикации RU
105 Кодированные данные (монография) __
a Кодированные данные (монография) a z 001yd
200 Заглавие и сведения об ответственности 1_
a Заглавие Ч. 2
210 Выходные данные 1_
d Дата издания 2025
215 Физическое описание __
a Объем 632 с.
c Иллюстрации/тип воспроизводства ил., цв. ил., портр.
320 Библиография __
a Библиография Библиогр. в конце гл. и в подстроч. примеч.
333 Примечание о целевом назначении __
a Примечание о целевом назначении 12+
461 Уровень набора _0
1 700 1
a Рожников
b Л. В.
g Леонид Владимирович
1 2001
a История России, пересказанная для детей и взрослых
e в 2 частях
f Л. В. Рожников
g под редакцией А. С. Орлова
v Ч. 2
1 2101
a Москва
c Проспект
c РГ-Пресс
d 2025-
1 001UONB/MAIN/d7b97b629932498abcc21e6df1f3c0ae
1 010
a 978-5-9988-1309-2
1 203
a Текст
b визуальный
c непосредственный
1 215
d 24 см
607 Географические рубрики __
a Географическое наименование Россия
x Тематический подзаголовок История
610 Ключевые слова 0_
a Ключевые слова история России (д. л.); история (д. л.); детская литература по истории; занимательная история; отечественная история
686 Индексы других классификаций __
2 Код системы rubbk
a Классификационный индекс 63.3(2)
801 Источник записи _0
a Страна RU
b Организация Ульяновская ОНБ
c Дата составления 20260402
g Правила каталогизации RCR
801 Источник записи _1
a Страна RU
b Организация Ульяновская ОНБ
c Дата составления 20260402
g Правила каталогизации RCR
900 Электронные ресурсы __
a Имя электронного ресурса проспект20260084
900 Электронные ресурсы __
a Имя электронного ресурса проспект20260085
901 Тип документа __
t Тип документа n
w Контрольный № источника UONB/MAIN/d7b97b629932498abcc21e6df1f3c0ae
909 Создатель записи __
a Создатель записи Макушик
b Дата создания записи 20260402
910 Корректоры записи __
a Корректор записи Батталова
b Дата внесения изменения в запись 20260422